Исследование тепловых режимов токоведущей части взрывных предохранителей; Электротехника; № 1-6

Bibliographische Detailangaben
Parent link:Электротехника: научно-технический журнал/ Департамент машиностроения Минпрома РФ; АО "Росэлпром".— , 1963-.— 0013-5860
№ 1-6.— 1988.— С. 28-30
Weitere Verfasser: Корольков В. Л. Валерий Леонидович, Гольдин В. Д., Рейно В. В., Сивков А. А. Александр Анатольевич, Асташкин И. Н.
Sprache:Russisch
Veröffentlicht: 1988
Schlagworte:
Format: MixedMaterials Buchkapitel
KOHA link:https://koha.lib.tpu.ru/cgi-bin/koha/opac-detail.pl?biblionumber=546418

MARC

LEADER 00000naa2a2200000 4500
001 546418
005 20240215090057.0
035 |a (RuTPU)RU\TPU\prd\238383 
090 |a 546418 
100 |a 20150604a1988 k y0rusy50 ca 
101 0 |a rus 
102 |a RU 
200 1 |a Исследование тепловых режимов токоведущей части взрывных предохранителей  |f В. Л. Корольков [и др.] 
320 |a Библиогр.: с. 30 (3 назв.) 
461 0 |0 (RuTPU)RU\TPU\prd\1672  |x 0013-5860  |t Электротехника  |o научно-технический журнал  |f Департамент машиностроения Минпрома РФ; АО "Росэлпром"  |d 1963- 
463 0 |0 (RuTPU)RU\TPU\prd\95400  |t № 1-6  |v С. 28-30  |d 1988 
610 1 |a труды учёных ТПУ 
701 1 |a Корольков  |b В. Л.  |c российский ученый  |c доктор технических наук, Заслуженный изобретатель России  |c профессор Томского государственного архитектурно-строительного университета  |f 1938-  |g Валерий Леонидович  |3 (RuTPU)RU\TPU\pers\19826 
701 1 |a Гольдин  |b В. Д. 
701 1 |a Рейно  |b В. В. 
701 1 |a Сивков  |b А. А.  |c специалист в области электроэнергетики  |c профессор Томского политехнического университета, доктор технических наук  |f 1951-  |g Александр Анатольевич  |3 (RuTPU)RU\TPU\pers\26846  |9 12465 
701 1 |a Асташкин  |b И. Н. 
801 1 |a RU  |b 63413507  |c 20150604 
942 |c BK